000 00450nam a2200181Ia 4500
001 10152
005 20260306161810.0
008 260306t1969||||xx |||||||||||||| ||spa||
041 _aESP
082 _a901
_bS54
100 _aSiles Salinas, Jorge
_eAUT
245 0 _aAnte la historia:
_bconciencia histórica y revolución
260 _c1969
300 _a285 páginas :
_c24 cm.
650 _aGEN
654 _aCHU
942 _cLIB
_dJUS
_fJUS
_2ddc
_n
999 _c10152
_d10152